Skoki Narciarskie - Zdobywcy Podium z Austrii (2000-2009) - Statystyki

Ogólne statystyki
  • Ten quiz został rozwiązany 39 razy
  • Średni wynik to 8 z 12
Statystyki odpowiedzi
Podia Skoczek % Poprawnych
44 Gregor Schlierenzauer
100%
42 Thomas Morgenstern
97%
13 Andreas Kofler
94%
18 Wolfgang Loitzl
92%
12 Martin Koch
89%
8 Andreas Goldberger
75%
30 Andreas Widhölzl
69%
22 Martin Höllwarth
67%
3 Stefan Horngacher
58%
8 Florian Liegl
39%
2 Christian Nagiller
28%
1 Mathias Hafele
19%
Nie znaleziono quizów pasujących do podanych kryteriów
Rozkład punktacji
Procent ludzi z każdym wynikiem
Percentyl według liczby udzielonych odpowiedzi
Twoja historia wyników
Nie rozwiązałeś tego quizu